Odborná spôsobilosť na sociálnu prácu
Praktická aplikácia zákona č. 219/2014 Z.z. o sociálnej práci a o podmienkach na výkon niektorých odborných činností v oblasti sociálnych vecí a rodiny a o zmene a doplnení niektorých zákonov.
Salvato in:
| Autore principale: | |
|---|---|
| Natura: | Capitolo di libro |
| Lingua: | slovacco |
| Soggetti: | |
| Tags: |
Nessun Tag, puoi essere il primo ad aggiungerne!!
|
MARC
| LEADER | 00000naa a2200000 4500 | ||
|---|---|---|---|
| 001 | 0193966 | ||
| 005 | 20231120130243.4 | ||
| 041 | 0 | |a slo | |
| 044 | |a SK | ||
| 245 | 1 | 0 | |a Odborná spôsobilosť na sociálnu prácu |c Ján Kašiar |
| 520 | |a Praktická aplikácia zákona č. 219/2014 Z.z. o sociálnej práci a o podmienkach na výkon niektorých odborných činností v oblasti sociálnych vecí a rodiny a o zmene a doplnení niektorých zákonov. | ||
| 610 | 2 | 0 | |a práca sociálna |
| 610 | 2 | 0 | |a spôsobilosť k práci |
| 610 | 2 | 0 | |a Slovensko |
| 610 | 2 | 0 | |a zákony |
| 610 | 2 | 0 | |a politika sociálna |
| 100 | 1 | |a Kašiar, Ján | |